| 000 | 02337nam a2200433 c 4500 | ||
|---|---|---|---|
| 003 | BLK | ||
| 005 | 20250531121029.0 | ||
| 008 | 180408b bul|||||r ||||||| ||bul|| | ||
| 010 | _aKNG00069579000 | ||
| 020 |
_a954-509-359-5 _bиздат.: Воен. изд. |
||
| 040 | _aBLK | ||
| 041 |
_aBUL _cBUL |
||
| 080 |
_aОтделни моторни функции - Движение. Ходене. Тичане. Изразяване с помощта на речта. Пеене. Графично изразяване. Писане. Рисуване _b159.946 _x _z159.946 |
||
| 080 |
_aВъншен израз на психическите процеси и чертите на характера. Физиогномия. Френология. Графология. Краниоскопия _b159.925 _x _z159.925 |
||
| 080 |
_aОтношения. Компоненти на отношенията. Взаимосвързаност, взаимозависимост на отношенията и др. _b316.64 _x _z316.64 |
||
| 100 | 1 |
_aЙорданов, Николай Георгиев _eпърви автор _9363906 |
|
| 139 |
_aЙорданов, Николай Георгиев _bИ 83 |
||
| 245 | 1 | 0 |
_aПсихология на комуникацията _bИ мълчанието говори... _cНиколай Георгиев Йорданов. |
| 257 | _aBGR | ||
| 260 |
_аСофия _bВоен. изд. _c2006 |
||
| 300 |
_a112 с. _bс ил. _c20 см |
||
| 380 | _a1 | ||
| 500 | _aСъдържа и Една необходима книга / Орлин Загоров ; Речник. - Библиогр. с.106-107. - Рез. на рус., англ. ез. | ||
| 504 | _a106-107 | ||
| 650 | 4 |
_aОбщуване - психология и психопрофилактика _9254387 |
|
| 650 | 4 |
_aЖест - психология _9277646 |
|
| 650 | 4 |
_aФизиогномика _9175297 |
|
| 650 | 4 |
_aСоциална психология _9243161 |
|
| 653 | _aпсихология на личността | ||
| 653 | _aфизиогномика | ||
| 653 | _aжестове | ||
| 653 | _aкомуникативност | ||
| 852 | _aЦб 230136 | ||
| 856 | 4 |
_qpdf _u |
|
| 856 | 4 |
_qpdf _u |
|
| 942 |
_cKNG _n0 _04 |
||
| 944 |
_aCR _c21.11.2006 _k30540 _lСевдалина Тодорова |
||
| 944 |
_aED _c15.11.2007 _k |
||
| 999 |
_c65303 _d65303 |
||